| 000 | 00718pam a2200241 a 4500 | ||
|---|---|---|---|
| 008 | |||
| 020 | _a0813808324 (hbk.) | ||
| 049 | _aMAIN | ||
| 090 |
_aT56 _bVAU |
||
| 100 | 1 | _aVaughn, Richard C. | |
| 245 | 0 | 0 |
_aIntroduction to industrial engineering / _cRichard C. Vaughn. |
| 250 | _a3rd ed. | ||
| 260 |
_aAmes, Iowa, U.S.A. : _bIowa State University Press, _cc1967. |
||
| 300 |
_aviii, 466 p. : _bill. ; _c24 cm. |
||
| 500 | _aIncludes index. | ||
| 504 | _aIncludes bibliographical references. | ||
| 650 | 0 | _aIndustrial engineering. | |
| 907 |
_a.b10385411 _b16-11-17 _c04-10-17 |
||
| 003 | |||
| 005 | 20230123122309.0 | ||
| 040 | _cNUST | ||
| 942 |
_cBOOKS _kT56 _mVAU |
||
| 999 |
_c131216 _d131216 |
||